El mito masculino: estudio de la sexualidad en el hombre
Պահպանված է:
| Հիմնական հեղինակներ: | , |
|---|---|
| Ձևաչափ: | Գիրք |
| Լեզու: | իսպաներեն |
| Հրապարակվել է: |
Barcelona
Plaza & Janés
1979
|
| Խորագրեր: | |
| Ցուցիչներ: |
Ավելացրեք ցուցիչ
Չկան պիտակներ, Եղեք առաջինը, ով նշում է այս գրառումը!
|
MARC
| LEADER | 00000nam a2200000 a 4500 | ||
|---|---|---|---|
| 001 | UCR9714 | ||
| 003 | CL-VaPUC | ||
| 008 | 980613e19790100SP |||||||||||||||||spa|d | ||
| 082 | 0 | 4 | |a 155.332 |b PIE |2 21 |
| 100 | 0 | |a Pietropinto, Anthony |e author |9 412525 | |
| 700 | 0 | |a Simenauer, Jaqueline |e author |9 412526 | |
| 245 | 1 | 3 | |a El mito masculino: estudio de la sexualidad en el hombre |
| 300 | |a 556 p | ||
| 942 | |c BK | ||
| 945 | |d 19980613 00:00:00 |a crobeson | ||
| 260 | |a Barcelona |b Plaza & Janés |c 1979 | ||
| 650 | 0 | |a Masculinidad |9 412527 | |
| 650 | 0 | |a Sexualidad |9 358183 | |
| 650 | 0 | |a Sexo |9 257818 | |
| 650 | 0 | |a Psicología social |9 222894 | |
| 650 | 7 | |a MASCULINO FEMENINO |2 CL-VaPUC |9 412528 | |
| 583 | |a last modification |c 19980613 00:00:00 |k Rodrigo Vera | ||
| 999 | |c 270891 |d 270889 | ||
| 952 | |0 0 |1 0 |4 0 |6 155_332000000000000_PIE_1979 |7 0 |8 A |9 305345 |a BIBENE |b BIBENE |d 2019-11-20 |i 1418211 |o 155.332 PIE 1979 |p 1418211 |r 2025-01-15 |w 2019-11-20 |y BK |k ICO | ||